[Event "Azerbaijan Championship 2022"]
[Site "Nakhchivan"]
[Date "2022.02.09"]
[Round "5.4"]
[White "Iskandarov, Misratdin"]
[Black "Shahaliyev, Ismayil"]
[Result "1-0"]
[WhiteElo "2566"]
[BlackElo "2380"]
[Annotator "TA"]
[PlyCount "153"]
[EventDate "2022.02.05"]
[EventCountry "AZE"]
[SourceTitle "playchess.com"]
[Source "ChessBase"]
[SourceQuality "1"]

{[%evp 11,153,0,-13,-24,-30,-33,-1,-15,14,0,0,0,4,13,8,3,44,25,27,28,33,11,18,18,24,8,15,16,31,25,25,18,49,54,50,-43,-17,-81,-62,-81,-70,-60,-75,-97,-97,-97,-83,-87,-92,-85,-75,-77,-89,-82,-78,-119,-122,-127,-118,-125,-102,-114,-130,-136,-135,-125,-116,-137,-145,-146,-118,-126,-160,-152,-119,-156,-93,-100,-15,-7,-21,0,20,22,45,39,24,0,0,0,21,0,108,112,103,100,227,224,216,212,205,136,383,406,401,363,420,417,516,521,487,472,477,446,443,435,402,403,2663,2418,12836,12836,12836,12837,12839,12840,12840,12841,12841,12842,12843,12839,12848,12843,12843,12843,12845,12845,12850,12850,12850,12850,12850,27999]} 1. e4 e6 2. d4 d5 3. e5 c5 {[%cal Bc7c5,Bc5d4][%mdl 32]} 4. c3 Qb6 5. Nf3 Nc6 6. Bd3 cxd4 7. O-O {C02: French: Advance Variation.} Bd7 8. Re1 $1 {[%mdl 4] is recently more successful than 8.cxd4.} Nh6 9. h3 {[#] The position is equal.} Nf5 $146 ({Predecessor:} 9... Be7 10. Nbd2 dxc3 11. bxc3 Nf5 12. Rb1 Qc7 13. Nb3 h6 14. Bf4 Qd8 15. g4 Nh4 16. Nxh4 Bxh4 {1-0 (25) Mamedov,R (2654)-Bluebaum,M (2672) chess24.com INT 2020}) 10. Bxf5 exf5 11. cxd4 Be7 12. Nc3 {[%cal Bb1c3,Bc3a4,Ba4c5][%mdl 32]} Be6 13. a3 a5 (13... O-O $11) 14. Na4 Qa7 15. Be3 O-O 16. Rc1 Rfc8 17. Qd3 Qa6 18. Qb3 b5 19. Nc5 Qb6 20. Qd3 {[%cal Og2g4]} a4 21. Bg5 Bf8 {[%cal Oc6d4]} 22. Nxe6 fxe6 23. Bd2 (23. g4 $1 $14) 23... b4 $15 24. g4 (24. Bxb4 $11 Bxb4 25. axb4) 24... bxa3 $1 $17 25. bxa3 Qa6 $1 26. Qxa6 Rxa6 27. Re3 fxg4 28. hxg4 Na7 29. Rb1 Rcc6 $1 30. Rb8 Rcb6 $1 31. Rd8 Nc6 {Prevents Bb4.} 32. Rc8 Rb8 $1 33. Rc7 (33. Rxb8 $142 Nxb8 34. Kf1) 33... Na7 {[%cal Of8a3]} 34. Bc1 Nb5 35. Rc2 Rbb6 {Hoping for ...Rc6.} 36. Bb2 Rc6 37. Rd2 Be7 38. Kg2 Ra8 39. Kg3 Rf8 40. Red3 Rc4 41. Ne1 Bg5 {Prevents f4.} 42. Rd1 Bf4+ 43. Kg2 Rfc8 ({Black should try} 43... Rb8 $1 44. Kf3 Bh6) 44. Rb1 Rb8 (44... Na7 $17 45. Rdd1 Nc6) 45. Bc3 $1 $11 Rcc8 46. Bb4 Na7 47. Rdd1 Nc6 48. Nd3 Bg5 49. Bc5 Kf7 $1 50. f4 Be7 51. f5 (51. Bd6 {keeps more tension.} Rb3 52. Rbc1 h6 53. f5 exf5 54. gxf5 Ke8 55. Bb4) 51... Bg5 (51... exf5 $11 52. gxf5 Rb3) 52. fxe6+ Kxe6 {[#]} 53. Rxb8 $1 Nxb8 {[#]} (53... Rxb8 $16 {is a better defense.} 54. Bd6 Rb5) 54. Rb1 $1 $18 Nd7 {To avoid Rb6+} 55. Rb7 {Ra7 is the strong threat.} h5 56. gxh5 {Strongly threatening Kf3.} Rb8 $2 (56... Nxc5 $16 57. Nxc5+ Kf5) 57. Rxb8 Nxb8 {[%mdl 4096] Endgame KBN-KBN} 58. Nb2 Be3 59. Kf3 Bg1 60. Nd3 Nc6 61. Nf4+ Kf5 62. e6 Bh2 63. Nxd5 {Black must now prevent Ne3+.} ({Not} 63. e7 Nxe7 64. Ne2 Ng8 $11) 63... Kxe6 64. Ke4 Bd6 (64... Bg3 $142 65. Nb6 Nb8) 65. Bxd6 {White is clearly winning.} Kxd6 {KN-KN} 66. Nc3 Ne7 67. Nxa4 Ng8 68. Kf5 Ne7+ 69. Kg5 Kd5 70. Nc5 Nc6 71. Nb3 Kc4 {[#]} 72. d5 $1 Ne5 {[#]} 73. d6 $1 Nf7+ (73... Kc3 74. Kf5) 74. Kg6 Nxd6 75. Nd2+ Kc3 76. Nb1+ Kb2 77. Kxg7 {Quite a comeback for White.  Weighted Error Value: White=0.11 (very precise) /Black=0.23 (precise)} 1-0

[Event "Azerbaijan Championship 2022"]
[Site "Nakhchivan"]
[Date "2022.02.09"]
[Round "5.5"]
[White "Hasanzade, Toghrul"]
[Black "Babazada, Khazar"]
[Result "1/2-1/2"]
[WhiteElo "2292"]
[BlackElo "2427"]
[Annotator "TA"]
[PlyCount "84"]
[EventDate "2022.02.05"]
[EventCountry "AZE"]
[SourceTitle "playchess.com"]
[Source "ChessBase"]
[SourceQuality "1"]

{[%evp 14,84,11,6,12,0,0,-12,0,-15,-16,-12,-12,-17,-16,-13,-16,-21,-3,-8,24,0,0,-9,13,18,29,16,19,15,16,16,24,25,18,0,13,0,39,13,18,-11,-10,-35,-21,-43,-13,-62,102,103,106,98,216,213,206,94,166,157,181,21,167,158,169,128,135,44,44,45,69,0,0,0,16]} 1. e4 g6 2. d4 Bg7 3. Nc3 d6 4. Nf3 Nf6 5. h3 O-O 6. Be3 b6 7. Bd3 Bb7 8. O-O Nbd7 {B08: Pirc Defence: Classical System.} 9. Qd2 b5 10. a3 a6 11. Bh6 {[#]} e5 $146 ({Predecessor:} 11... c5 12. Bxg7 Kxg7 13. d5 Bc8 14. Ne1 c4 15. Be2 Qb6 16. Kh1 Nc5 {0-1 (54) Nassr,R-Cherifi,F Ain Tagourait 2013}) 12. dxe5 dxe5 13. Rad1 Qe7 14. Rfe1 Rfe8 15. Qg5 Qf8 16. Bxg7 Qxg7 17. a4 c6 18. Bf1 h6 19. Qe3 Qf8 {Prevents Rd6.} 20. Nd2 (20. Re2 {feels hotter.} Kg7 21. Red2 Bc8 22. b3 Qc5 23. Rd6) 20... Nc5 21. Nb3 Nxb3 22. cxb3 Kg7 23. Na2 {[%cal Bc3a2,Ba2c1,Bc1d3,Bd3c5][%mdl 32]} Red8 24. Nc1 Qe7 25. f3 Qc7 26. Nd3 Rd4 27. Rc1 Rad8 28. Nc5 Qe7 29. Rc2 Bc8 30. Rec1 (30. Nd3 $1 $11) 30... Qd6 $2 {[#]} (30... Nh5 $1 $15 {keeps the upper hand.}) 31. Nxa6 $1 $16 {[%mdl 512]} Bxa6 32. Rxc6 Qb8 (32... Qe7 $16) 33. Rxa6 $18 bxa4 34. Rxa4 (34. bxa4 $18 {aiming for Qc3.} Qxb2 35. a5) 34... R4d7 (34... Nh5 $16) 35. Rca1 Nh5 36. Ra7 $2 (36. Ra8 $18 Qxa8 37. Rxa8 Rxa8 38. Qc3) 36... Nf4 (36... Rxa7 $1 $11 37. Qxa7 (37. Rxa7 Rd1 $11) 37... Qxb3) 37. Rxd7 Rxd7 {[%cal Bd8d7,Bd7b7,Bb7b3][%mdl 32]} 38. Qc5 (38. Qc3 $18) 38... Ne6 $16 39. Qb5 (39. Qc3 $16) 39... Rb7 $14 40. Qa5 Nd4 41. Bc4 (41. Ra2 $14) 41... Nxb3 $11 42. Bxb3 Rxb3 {Weighted Error Value: White=0.25 (precise) /Black=0.26 (precise)} 1/2-1/2

[Event "Azerbaijan Championship 2022"]
[Site "Nakhchivan"]
[Date "2022.02.09"]
[Round "5.6"]
[White "Safarli, Eltaj"]
[Black "Abbasov, Farid"]
[Result "1-0"]
[WhiteElo "2597"]
[BlackElo "2527"]
[Annotator "TA"]
[PlyCount "117"]
[EventDate "2022.02.05"]
[EventCountry "AZE"]
[SourceTitle "playchess.com"]
[Source "ChessBase"]
[SourceQuality "1"]

{[%evp 14,117,37,35,39,29,56,47,43,39,50,44,64,63,64,56,97,62,74,59,85,69,72,65,89,50,61,46,50,45,36,28,56,52,45,-28,33,49,40,23,8,-9,21,7,0,0,58,68,63,52,74,51,67,57,70,58,101,0,110,110,110,110,95,93,184,187,214,204,254,245,255,256,243,237,253,253,267,231,261,254,257,259,240,264,252,230,358,358,396,327,325,285,494,565,629,608,620,653,642,612,527,516,794,665,550,518]} 1. e4 e6 2. d4 d5 3. Nd2 Nc6 4. Ngf3 Nf6 5. e5 Nd7 6. Nb3 a5 7. a4 b6 8. c3 Be7 {C04: French Tarrasch: 3...Nc6.} 9. Bd3 Ba6 10. Bxa6 Rxa6 {White is slightly better.} 11. O-O Ra8 12. Ne1 {[%cal Bf3e1,Be1d3,Bd3f4][%mdl 32] [#]} h5 $146 ({Predecessor:} 12... f6 13. exf6 Bxf6 14. f4 O-O 15. Nd3 Qe8 16. Nd2 Ne7 17. Nf3 Qg6 18. Qe2 Qf5 {1-0 (37) Karaoglan,D (2230)-Vashchilov,S (2176) Chess.com INT 2020}) 13. Nd3 g6 14. Be3 Ndb8 (14... Rc8 $14 {deserves consideration.}) 15. Qf3 Qd7 16. Nf4 {White is more active.} Na6 17. Rfc1 Rc8 18. Nd2 Ncb8 19. c4 {[%cal Rc4d5]} c6 20. Nh3 Nb4 21. Bg5 Bxg5 22. Nxg5 {aiming for cxd5.} Qe7 23. h4 O-O 24. Nf1 ({Better is} 24. Nb3 $14) 24... f6 (24... c5 $1 $11) 25. exf6 $14 Qxf6 26. Qe2 (26. Qg3 {with more complications.} Rce8 27. Ra3 Qxd4 28. Rf3 Nd7 29. cxd5 exd5 30. Qd6) 26... Rce8 27. Nf3 Nd7 28. Re1 $1 c5 29. cxd5 {Hoping for Qb5.} Nxd5 (29... cxd4 $11 30. Qb5 (30. dxe6 d3 $17) 30... Nc5) 30. Qb5 Re7 31. dxc5 Nxc5 32. Ra3 (32. Ng3 $5 {[%cal Rg3e4]}) 32... Kg7 33. Ne3 Nb4 34. Qxb6 Ncd3 (34... Nbd3 $14 35. Re2 Rb7) 35. Rb1 (35. Re2 $16) 35... e5 {[#]} (35... Ne5 $11 {remains equal.}) 36. Qxf6+ $1 $16 {White now steadily converts the win.} ({Don't play} 36. Qxa5 e4 37. Rxd3 (37. Nd5 Nxd5 38. Qxd5 Nf4 $17) 37... Nxd3 $14) 36... Rxf6 {[#]} 37. Nd5 $1 {[%mdl 512]} Nxd5 38. Rxd3 Nb4 {[#]} (38... e4 $16 {was necessary.} 39. Rxd5 exf3) 39. Re3 $1 $18 Rf5 40. Rd1 {Prevents Nd5.} Kf6 41. Rd6+ Kg7 42. Re4 Rf6 {[#]} 43. Rxe5 $1 Rxd6 (43... Rxe5 44. Rd7+) 44. Rxe7+ {[%mdl 4096] Endgame KRN-KRN} Kf6 45. Rb7 Nd3 46. Rb5 Rc6 47. b3 Rc1+ 48. Kh2 Rc3 49. Rb6+ ({Don't take} 49. Rxa5 Rxb3 50. Ra6+ Kg7 $16) 49... Kf5 {[#]} (49... Kg7 {might work better.} 50. Rb7+ Kf6) 50. Rc6 $3 {[%mdl 512]} Rc5 {[#]} (50... Rxc6 51. Nd4+) 51. Kg3 $1 {[%mdl 512] Strongly threatening Rxc5+.} Rd5 52. Rc4 Rc5 $2 (52... Nc5 {was worth a try.} 53. Nd4+ Kf6) 53. Nd4+ {White is clearly winning.} Ke4 {And now ...Rxc4 would win.} 54. Nc6+ Rxc4 55. bxc4 Nc5 56. Nxa5 Nxa4 57. Nc6 {Threatens to win with Ne7.} Nc3 (57... Kf5 $142 58. f4 Ke4) 58. Ne7 Ne2+ 59. Kh2 {Weighted Error Value: White=0.14 (very precise) /Black=0.29 (precise)} 1-0

[Event "Azerbaijan Championship 2022"]
[Site "Nakhchivan"]
[Date "2022.02.09"]
[Round "5.7"]
[White "Muradli, Mahammad"]
[Black "Bayramov, Elvin"]
[Result "1-0"]
[WhiteElo "2528"]
[BlackElo "2280"]
[Annotator "TA"]
[PlyCount "77"]
[EventDate "2022.02.05"]
[EventCountry "AZE"]
[SourceTitle "playchess.com"]
[Source "ChessBase"]
[SourceQuality "1"]

{[%evp 14,77,14,12,25,-2,-7,6,37,21,44,55,50,47,43,49,45,41,50,42,52,33,37,26,35,26,45,34,88,55,207,212,319,304,524,505,813,533,531,516,516,499,508,498,512,509,494,477,1355,1364,1310,1317,1445,1251,29991,29991,29994,29992,29992,29993,29993,29994,29995,29996,29998,29999]} 1. d4 d5 2. Nf3 Nf6 3. c4 e6 4. Nc3 c6 5. Bg5 Nbd7 6. e3 Be7 7. Qc2 h6 8. Bf4 Nh5 {[#] D53: Queen's Gambit Declined: 4 Bg5 Be7: Early deviations.} 9. a3 $146 ({Predecessor:} 9. Be5 Nhf6 10. Bg3 O-O 11. Rd1 Qa5 12. Nd2 Nh5 13. Bd3 Nxg3 14. hxg3 Nf6 15. a3 Qc7 16. O-O {½-½ (25) Stuart,A (2412)-Szczepanski,Z (2455) ICCF email 2018}) 9... Nxf4 10. exf4 dxc4 {The position is equal.} 11. Bxc4 Nb6 12. Ba2 (12. Bb3 {seems wilder.} O-O 13. g3 Nd5 14. O-O g6 15. h4) 12... Nd5 13. g3 Nxc3 14. Qxc3 Bf6 15. O-O O-O 16. Rad1 Qd6 {[%cal Oc6c5]} 17. Qc2 g6 18. h4 {[%cal Oh4h5] Strongly threatening h5!} h5 $1 19. Ne5 {[%cal Oe5g6]} Bg7 20. Rfe1 Bd7 (20... Qe7 $14) 21. Qb3 {White is much more active. Black has bad knights.} Bxe5 $2 {Black cannot hold the game after this.} (21... Rab8 $14) 22. dxe5 $18 {[%mdl 64] [#] Pin} ({Weaker is} 22. fxe5 Qd5 $14) 22... Qc7 (22... Qe7 {might work better.} 23. Qxb7 Rfd8) 23. f5 Rad8 $2 (23... c5 24. fxg6 (24. fxe6 Bxe6 25. Qc2 Bxa2 $17) 24... fxg6) 24. f6 Bc8 (24... Be8 $142 25. Rxd8 Qxd8 26. Qxb7 Qd2) 25. Qe3 {White threatens Qh6 and mate.} Kh7 {To avoid Qh6+} 26. Bb1 {Black must now prevent Qg5.} Rxd1 27. Rxd1 {Threatening mate with Qg5.} Rd8 28. Re1 Qa5 29. b4 Qd5 30. Qg5 {Intending Qxh5+ and mate.} Qf3 (30... Qd2 $142 31. Qxh5+ Qh6) 31. Be4 Qg4 32. Qe3 Qh3 33. b5 cxb5 34. Qc5 {White mates.} Kg8 35. Qc1 Kh7 36. Qc7 Rf8 37. Qe7 Kg8 38. Rd1 Qg4 {[#]} 39. Qxf8+ $1 {[%mdl 576] Remove Defender, Back Rank.  Weighted Error Value: White=0.14 (very precise) /Black=0.49} 1-0

[Event "Azerbaijan Championship 2022"]
[Site "Nakhchivan"]
[Date "2022.02.09"]
[Round "5.8"]
[White "Manafov, Vugar"]
[Black "Ilyasli, Ughur"]
[Result "1/2-1/2"]
[WhiteElo "2299"]
[BlackElo "2310"]
[Annotator "TA"]
[PlyCount "94"]
[EventDate "2022.02.05"]
[EventCountry "AZE"]
[SourceTitle "playchess.com"]
[Source "ChessBase"]
[SourceQuality "1"]

{[%evp 12,94,19,18,24,8,36,-50,-50,-97,-101,-98,-63,-81,-82,-72,-76,-84,-78,-71,-80,-102,-102,-105,-100,-116,-58,-56,-53,-64,-64,-64,-65,-52,-44,-44,-44,-44,-44,-44,-44,-42,-49,-49,-40,-52,-45,-48,-31,-70,-72,-56,-63,-64,-61,-60,-18,-118,-81,-72,-81,-72,-28,-29,-5,-6,0,0,0,0,0,-8,0,-8,0,-8,0,-10,0,-20,0,-8,0,-22,0]} 1. Nf3 Nf6 2. g3 d5 3. Bg2 c6 4. O-O Bg4 5. d3 Nbd7 6. Nbd2 e5 7. e4 Be7 {A07: Réti Opening: New York and Capablanca Systems.} 8. Qe1 O-O 9. b3 (9. exd5 $14 cxd5 10. Nxe5) 9... Bb4 $15 {[#] Black is slightly better.} 10. Bb2 $146 (10. Rb1 $15 {is superior.}) ({Predecessor:} 10. h3 Bxf3 11. Bxf3 Qa5 12. a3 dxe4 13. dxe4 Rad8 14. Qe2 Bc3 15. Nc4 Qc7 16. Rb1 b5 {½-½ (33) Neumann,C-Schlehoefer,R (2335) Ruhrgebiet 1998}) 10... Bxf3 $17 11. Bxf3 dxe4 12. dxe4 Qa5 13. Rd1 {[%cal Oa2a3]} Qxa2 14. Rb1 Qa5 15. Ra1 Qc7 ({Much worse is} 15... Bxd2 16. Rxa5 Bxe1 17. Rxe1 $11) 16. Qe2 b5 17. Rfd1 Rfd8 18. Nf1 Nf8 (18... Bc5 $17) 19. Rxd8 $15 Rxd8 20. c4 bxc4 21. Qxc4 a5 22. Rc1 Ne6 23. Qxc6 Qxc6 24. Rxc6 Nd4 25. Bxd4 exd4 26. Rc4 h5 27. h3 g6 28. Kg2 Kf8 29. Nh2 Bc3 30. Rc5 Re8 31. e5 Nd7 {[%csl LRc5,LRe5]} 32. Rd5 Nxe5 {aiming for ...Nd3.} 33. Be2 {Prevents Nd3.} Rb8 34. f4 ({Don't go for} 34. Rxe5 $2 d3 35. Re4 dxe2 36. Rxe2 Rxb3 $19) (34. Bb5 $1 $11 f6 35. Nf3) 34... Nc6 35. Bc4 Ne7 36. Rd7 a4 (36... Ke8 $17 37. Ra7 d3 38. Bxd3 Rxb3) 37. bxa4 $11 Rb4 {[%csl LRa4,LRc4]} 38. Bd3 {The position is equal.} Rxa4 39. Nf3 Ra2+ 40. Kf1 Ra1+ 41. Ke2 Ra2+ 42. Kf1 Ke8 43. Rd6 Ra1+ 44. Ke2 Ra2+ 45. Kf1 Ra1+ 46. Ke2 Ra2+ 47. Kf1 Ra1+ {Weighted Error Value: White=0.11 (very precise) /Black=0.11 (very precise)} 1/2-1/2

[Event "Azerbaijan Championship 2022"]
[Site "Nakhchivan"]
[Date "2022.02.09"]
[Round "5.9"]
[White "Eynullayev, Atilla"]
[Black "Talibov, Shiroghlan"]
[Result "1-0"]
[WhiteElo "2324"]
[BlackElo "2307"]
[Annotator "TA"]
[PlyCount "131"]
[EventDate "2022.02.05"]
[EventCountry "AZE"]
[SourceTitle "playchess.com"]
[Source "ChessBase"]
[SourceQuality "1"]

{[%evp 9,131,20,37,27,49,38,29,35,48,29,72,24,61,64,89,43,29,38,56,29,30,29,22,24,31,-68,-44,-46,-47,-45,-49,-42,-38,-41,-59,-56,0,0,0,-45,-29,-72,-66,-72,-46,-40,-39,-74,-27,-99,-73,-98,-88,-67,-98,-73,-78,-77,-96,-92,101,94,142,135,137,-33,136,137,148,143,139,133,146,90,106,85,202,144,136,40,52,51,62,59,51,53,66,62,60,54,52,0,56,7,0,0,0,0,0,0,0,0,0,1,1,1,0,0,10,10,352,341,454,450,431,367,601,592,462,449,582,571,549,450]} 1. e4 e6 2. d4 d5 3. e5 c5 4. c3 Qa5 5. Nd2 {[%cal Bb1d2,Bd2b3,Bb3d4][%mdl 32]} cxd4 6. Nb3 {C02: French: Advance Variation.} Qb6 7. Nxd4 Nc6 8. Ngf3 {White has an edge.} Bc5 9. Bd3 Bd7 {[#]} (9... Nge7 $11) 10. Bb1 $146 {White is more active.} (10. Nxc6 $1 $16 {Ncd4 is the strong threat.} Qxc6 11. O-O) ({Predecessor:} 10. Bc2 Nge7 11. O-O Bxd4 12. cxd4 Nb4 13. Bb1 Bb5 14. Re1 Rc8 15. a3 Nbc6 16. Be3 {1-0 (58) Vokhidov,S (2512)-Djordjevic,V (2347) Chess.com INT 2020}) 10... f6 11. O-O $1 Nge7 12. b4 ({Better is} 12. exf6 $16 gxf6 13. b4 Bxd4 14. cxd4 (14. Nxd4 h5 $14)) 12... Bxd4 $14 13. cxd4 fxe5 {aiming for ...e4.} 14. dxe5 (14. b5 $5 Qxb5 15. Bd3 $11) 14... Qxb4 15. Bd3 Qg4 16. Rb1 b6 17. Qe2 (17. h3 $14 Qh5 18. Ba3) 17... Ng6 $1 $15 18. h3 Qh5 19. Bxg6+ Qxg6 20. Ba3 Kf7 $1 21. Nh4 Qg5 {[%csl LRe5,LRh4]} 22. Nf3 Qg6 (22... Qh5 $15) 23. Nh4 $1 $11 Qg5 (23... Qe4 $11 {should be considered.} 24. Qh5+ Kg8) 24. Nf3 $15 Qf5 25. g4 (25. Rbc1 $11 Rac8 26. Rc3) 25... Qg6 26. Nh4 Qe4 27. Qxe4 dxe4 28. f4 Rhd8 (28... Rac8 $17) 29. Rbd1 (29. Rbe1 $11 {remains equal.}) 29... Ne7 30. Rd6 Bb5 31. Re1 Bd3 32. f5 Rxd6 33. exd6 Nd5 34. Rc1 g6 $2 (34... exf5 $17 {and life is bright. And now ...f4 would win.} 35. Nxf5 Ke6 36. Nxg7+ Kd7) 35. d7 $1 $16 Rd8 (35... Ba6 $142) 36. Rc8 Rxd7 37. Rf8+ Kg7 {Strongly threatening ...exf5.} 38. fxe6 Rc7 39. Rd8 Kf6 (39... Bc4 $2 40. g5 Rf7 41. Bb2+ Nf6 42. gxf6+ $18) 40. Rxd5 {Black must now prevent e7.} Kxe6 41. Rd8 (41. Rd6+ $142 Ke5 42. Rd8) 41... Rc3 42. Rd6+ Kf7 (42... Ke5 $16 {was worth a try.} 43. Bb2 Kxd6 44. Bxc3 Kc5) 43. Bb2 Rc2 44. Bd4 (44. Bf6 $1 $16) 44... Ke7 $14 45. Rd5 Rxa2 46. Ng2 {Hoping for g5.} Bc4 47. Re5+ Kd6 48. Ne3 ({Don't go for} 48. Rxe4 $2 Bd5 49. Be5+ Kc6 $19) 48... b5 49. Rxe4 ({Reject} 49. Nxc4+ bxc4 50. Rg5 (50. Rxe4 Kd5 $11) 50... Ke6 $11) 49... a5 50. Rf4 (50. Be5+ $14 Kc5 51. Bc3) 50... a4 ({Black should play} 50... Be6 $11) 51. Rf2 (51. Nxc4+ $14 bxc4 52. Rf3) 51... Ra3 $11 52. Rc2 Rd3 53. Nxc4+ Kd5 54. Bf6 bxc4 {[%mdl 4096] Endgame KRB-KR} 55. Ra2 a3 56. Be7 Rxh3 57. Kg2 Re3 58. Bxa3 Ke4 59. Bc1 Re1 {[%mdl 8192] [#] A mistake that costs the game.} (59... Rb3 $1 $11 {and Black stays safe.}) 60. Bh6 $1 $18 c3 {[#]} 61. Ra7 $1 Re2+ 62. Kg3 c2 $2 (62... Rb2 63. Rxh7 Rb1) 63. Rxh7 {Threatening mate with Re7+. White is clearly winning.} Kd3 64. Rd7+ Kc3 65. Rd6 {Inhibits Re6.} Re1 66. Rxg6 {Weighted Error Value: White=0.14 (very precise) /Black=0.36} 1-0

[Event "Azerbaijan Championship 2022"]
[Site "Nakhchivan"]
[Date "2022.02.09"]
[Round "5.10"]
[White "Atakishiyev, Elmar"]
[Black "Mammadov, Sadig"]
[Result "0-1"]
[WhiteElo "2240"]
[BlackElo "2220"]
[Annotator "ChessBase"]
[PlyCount "90"]
[EventDate "2022.02.05"]
[EventCountry "AZE"]
[SourceTitle "playchess.com"]
[Source "ChessBase"]
[SourceQuality "1"]
[TimeControl "40/5400+30:1800+30"]

1. d4 d5 2. c4 c6 3. Nf3 Nf6 4. Nc3 e6 5. e3 Nbd7 6. Qc2 Be7 7. b3 O-O 8. Bb2 b6 9. Bd3 Bb7 10. O-O Bd6 11. Rad1 h6 12. e4 {[%emt 0:32:46]} dxe4 {[%emt 0:16:46]} 13. Nxe4 {[%emt 0:00:05]} Nxe4 {[%emt 0:01:32]} 14. Bxe4 {[%emt 0:04:03]} Qc7 15. Qc3 f5 {[%emt 0:21:12]} 16. Bb1 {[%emt 0:03:13]} Rf7 {[%emt 0:10:16]} 17. Rfe1 {[%emt 0:03:07]} Re8 {[%emt 0:03:39]} 18. h3 {[%emt 0:19:47]} c5 {[%emt 0:06:41]} 19. dxc5 {[%emt 0:05:51]} Nxc5 {[%emt 0:00:44]} 20. Nd4 {[%emt 0:05:15]} Be5 {[%emt 0:02:51]} 21. Qe3 {[%emt 0:04:57]} Bh2+ {[%emt 0:03:51]} 22. Kf1 {[%emt 0:03:43]} Ne4 {[%emt 0:16:47]} 23. Nb5 Qe7 24. Bxe4 {[%emt 0:09:19]} fxe4 {[%emt 0:00:50]} 25. Ba3 {[%emt 0:00:33]} Qh4 {[%emt 0:00:45]} 26. Nd6 {[%emt 0:02:38]} Rf3 27. Nxe8 {[%emt 0:08:01]} Rxe3 {[%emt 0:03:15]} 28. Rxe3 {[%emt 0:00:00]} Bc6 29. Nd6 Bf4 {[%emt 0:04:24]} 30. Re2 {[%emt 0:00:41]} Be5 {[%emt 0:02:36]} 31. Re3 {[%emt 0:01:14]} Qh5 {[%emt 0:03:09]} 32. g4 {[%emt 0:00:21]} Qh4 {[%emt 0:02:10]} 33. Nc8 {[%emt 0:00:48]} Kh7 {[%emt 0:00:45]} 34. Ne7 {[%emt 0:00:08]} Bf4 {[%emt 0:01:11]} 35. Rd8 {[%emt 0:00:19]} Qf6 {[%emt 0:00:47]} 36. Re2 {[%emt 0:00:19]} Bb7 {[%emt 0:02:25]} 37. Rd7 {[%emt 0:00:41]} Qc3 38. Rb2 {[%emt 0:01:06]} Qxh3+ {[%emt 0:01:10]} 39. Ke1 {[%emt 0:00:01]} Qh1+ {[%emt 0:00:38]} 40. Ke2 {[%emt 0:00:00]} Qf3+ {[%emt 0:00:00]} 41. Ke1 {[%emt 0:00:22]} e3 {[%emt 0:03:17]} 42. fxe3 {[%emt 0:04:03]} Qxe3+ {[%emt 0:00:14]} 43. Kf1 {[%emt 0:00:24]} Qh3+ {[%emt 0:00:30]} 44. Ke1 {[%emt 0:00:42]} Qh1+ {[%emt 0:00:24]} 45. Ke2 {[%emt 0:00:13]} Bf3+ {[%emt 0:00:20]} 0-1

[Event "Azerbaijan Championship 2022"]
[Site "Nakhchivan"]
[Date "2022.02.09"]
[Round "5.11"]
[White "Sevdimaliyev, Urfan"]
[Black "Mustafayev, Farid"]
[Result "1-0"]
[WhiteElo "2359"]
[BlackElo "2322"]
[Annotator "TA"]
[PlyCount "71"]
[EventDate "2022.02.05"]
[EventCountry "AZE"]
[SourceTitle "playchess.com"]
[Source "ChessBase"]
[SourceQuality "1"]

{[%evp 10,71,68,68,84,80,99,105,98,55,53,44,54,62,67,0,31,0,31,4,7,1,9,-4,43,30,35,36,30,40,32,29,28,39,69,44,118,113,116,118,105,91,150,143,183,194,199,158,272,245,276,275,261,185,368,354,650,440,1057,1037,29973,29975,29984,29985]} 1. e4 {[%cal Be2e4,Be4e5][%mdl 32]} Nf6 2. e5 Nd5 3. d4 Nb6 4. a4 a5 5. Nf3 d6 6. exd6 {White is more active.} cxd6 {B04: Alekhine's Defence: 4 Nf3.} 7. d5 e5 8. dxe6 $1 Bxe6 {White is better.} 9. Bb5+ ({Better is} 9. Ng5 $16) 9... Nc6 $14 {[#]} 10. O-O $146 ({Predecessor:} 10. Ng5 Qd7 11. O-O Be7 12. Re1 O-O 13. Nxe6 fxe6 14. Nd2 d5 15. Nf3 Bf6 16. Be3 {0-1 (54) Knoflicek,C (2212)-Grimm,D (2346) Austria 2016}) 10... Be7 {To avoid Ng5} 11. Nd4 Bd7 12. Be2 ({White should play} 12. Be3 $14) 12... O-O 13. Nc3 Re8 14. Bf3 Nxd4 15. Qxd4 Bc6 16. Nd5 Nd7 (16... Nxd5 $11 {deserves consideration.} 17. Bxd5 Bf6) 17. Be3 Bg5 18. Bxg5 Qxg5 19. h4 Qg6 20. Qf4 {Nc7 is the strong threat.} Bxd5 21. Bxd5 Rac8 22. Rfe1 Ne5 (22... Qf6 $14 23. Rxe8+ Rxe8 24. Qxf6 Nxf6) 23. Bxb7 $16 Rxc2 {[#]} 24. b4 Rb2 25. b5 Rb4 {[#]} (25... h5 $142) 26. Re4 $1 $40 {[%mdl 128] White wants a kill.} Rxe4 27. Bxe4 ({Don't play} 27. Qxe4 $6 Qxe4 28. Bxe4 Nc4 $16) 27... Qe6 28. Rd1 (28. g3 $18) 28... Rb8 (28... Qc4 $16) 29. Bd5 Qe7 30. h5 h6 31. Qf5 Qh4 $2 (31... Nd7 {was worth a try.} 32. Rc1 Nc5) 32. Be4 $18 {Intending Qh7+ and mate.} Ng4 $2 (32... Re8 33. g3 Qg4 34. Qxg4 Nxg4) 33. Qf4 Rc8 (33... Qxh5 $142 34. Bf3 (34. Rxd6 Re8 $16) 34... f5 35. Qxd6 Qe8 36. Bd5+ Kh8) 34. b6 {[%cal Bb5b6,Bb6b7][%mdl 32] Hoping for b7.} Rc4 35. b7 Rb4 36. Rb1 {Weighted Error Value: White=0.19 (very precise) /Black=0.67} 1-0